|
|
|
|
| LEADER |
01831nam a2200397 a 4500 |
| 001 |
EBC3339384 |
| 003 |
MiAaPQ |
| 005 |
20200520144314.0 |
| 006 |
m o d | |
| 007 |
cr cn||||||||| |
| 008 |
110826s2012 mau sb 001 0 eng d |
| 010 |
|
|
|z 2011033365
|
| 020 |
|
|
|z 9780262017305 (hardcover : alk. paper)
|
| 020 |
|
|
|a 9780262301435 (electronic bk.)
|
| 035 |
|
|
|a (MiAaPQ)EBC3339384
|
| 035 |
|
|
|a (Au-PeEL)EBL3339384
|
| 035 |
|
|
|a (CaPaEBR)ebr10529582
|
| 035 |
|
|
|a (CaONFJC)MIL359467
|
| 035 |
|
|
|a (OCoLC)777191987
|
| 040 |
|
|
|a MiAaPQ
|c MiAaPQ
|d MiAaPQ
|
| 050 |
|
4 |
|a HB75
|b .C64 2012
|
| 082 |
0 |
4 |
|a 330
|2 23
|
| 100 |
1 |
|
|a Cohen, Daniel,
|d 1953-
|
| 245 |
1 |
4 |
|a The prosperity of vice
|h [electronic resource] :
|b a worried view of economics /
|c Daniel Cohen ; translated by Susan Emanuel.
|
| 260 |
|
|
|a Cambridge, Mass. :
|b MIT Press,
|c 2012.
|
| 300 |
|
|
|a xx, 216 p.
|
| 504 |
|
|
|a Includes bibliographical references and index.
|
| 505 |
0 |
|
|a Genesis -- Birth of the modern world -- The law of Malthus -- Unbound Prometheus -- Perpetual growth -- The economic consequences of the war -- The great crisis and its lessons -- The golden age and its crisis -- The end of solidarities -- War and peace -- The return of India and China -- The end of history and the West -- The ecological crash -- The financial crash -- The weightless economy.
|
| 533 |
|
|
|a Electronic reproduction. Ann Arbor, MI : ProQuest, 2015. Available via World Wide Web. Access may be limited to ProQuest affiliated libraries.
|
| 650 |
|
0 |
|a Economics
|x History.
|
| 650 |
|
0 |
|a Economics
|x Sociological aspects.
|
| 650 |
|
0 |
|a Economic development.
|
| 655 |
|
4 |
|a Electronic books.
|
| 700 |
1 |
|
|a Emanuel, Susan.
|
| 710 |
2 |
|
|a ProQuest (Firm)
|
| 856 |
4 |
0 |
|u https://ebookcentral.proquest.com/lib/matrademy/detail.action?docID=3339384
|z Click to View
|